| 000 | 00888pam a2200265 a 4500 | ||
|---|---|---|---|
| 999 |
_c18571 _d18571 |
||
| 001 | 1934443 | ||
| 005 | 20170113090023.0 | ||
| 008 | 861121s1987 nyua 000 0 eng | ||
| 010 | _a 86028279 | ||
| 020 |
_a082300497X : _c$24.95 |
||
| 050 | 0 | 0 | _aNC735 .P37 1987 |
| 100 | 1 | _aParramón, José María. | |
| 240 | 1 | 0 |
_aGran libro del dibujo. _lEnglish |
| 245 | 1 | 4 |
_aThe big book of drawing / _cby José M. Parramón. |
| 260 |
_aNew York : _bWatson-Guptill Publications, _c1987. |
||
| 300 |
_a191 p. : _bill. (some col.) ; _c30 cm. |
||
| 500 | _aTranslation of: El gran libro del dibujo. | ||
| 650 | 0 |
_aDrawing _xTechnique. |
|
| 942 |
_2lcc _cBOOKS _hNC735 .P37 1987 |
||